Marvel Characters by letters - E - Statistics

General Stats
  • This quiz has been taken 30 times
  • The average score is 5 of 10
Answer Stats
Hint Answer % Correct
Uses his electric power to bother the Spider Electro
96%
Female ninja with two sai Elektra
92%
The Living Planet Ego
85%
Asgardian witch Enchantress
62%
Deaf Ninja Echo
54%
Axe wielding friend of above Executioner
38%
Omega mutant who can heal, and also has a death touch Elixir
19%
Former hellion, can control people by touch Empath
15%
Omega mutant with telekinesis, also a french crusader Exodus
8%
Member of X-Static, has a skateboard El Guapo
4%
No matching quizzes found
Score Distribution
Percent of People with Each Score
Percentile by Number Answered
Your Score History
You have not taken this quiz